| 000 | 01140cam a22002894a 4500 | ||
|---|---|---|---|
| 001 | 13129039 | ||
| 003 | NUST-PNEC | ||
| 005 | 20170116180731.0 | ||
| 008 | 030319s2003 maua b 001 0 eng | ||
| 010 | _a 2003046449 | ||
| 020 | _a0262541483 | ||
| 040 |
_aDLC _cPNEC _dDLC |
||
| 042 | _apcc | ||
| 050 | 0 | 0 |
_aQA76.73.S34 _bD93 2003 |
| 082 | 0 | 0 |
_a005.133 DYB _221 |
| 100 | 1 | _aDybvig, R. Kent. | |
| 245 | 1 | 4 |
_aThe scheme programming language / _cR. Kent Dybvig. |
| 250 | _a3rd ed. | ||
| 260 |
_aCambridge, Mass. : _bMIT Press, _c2003. |
||
| 300 |
_axi, 295 p. : _bill. ; _c23 cm. |
||
| 504 | _aIncludes bibliographical references (p. [259]-260) and index. | ||
| 650 | 0 |
_aScheme (Computer program language) _xComputer, MIS |
|
| 856 | _uhttp://www.amazon.com/Scheme-Programming-Language-Kent-Dybvig/dp/0262541483/ref=sr_1_1?s=books&ie=UTF8&qid=1415968648&sr=1-1&keywords=0262541483 | ||
| 906 |
_a7 _bcbc _corignew _d1 _eocip _f20 _gy-gencatlg |
||
| 942 |
_2ddc _cBK |
||
| 999 |
_c61784 _d61784 |
||